Namenstage Juni - Statistiken

Allgemein
  • Dieses Quiz wurde 19 mal gespielt
  • Das Durchschnittsergebnis liegt bei 54 aus 114
Antwortstatistiken
Tag\Juni 📍 Vorname(n) % Korrekt
13. Juni A.t.n ♂️ Anton
89%
J.n ♂️ Jan
89%
17. Juni A.o.f ♂️ Adolf
78%
B.r.h..d ♂️ Bernhard
78%
15. Juni B.r.h..d ♂️ Bernhard*
78%
26. Juni D.v.d ♂️ David
78%
El.s.b..h ♀️ Elisabeth
78%
19. Juni El.s.b..h ♀️ Elisabeth*
78%
E.a ♀️ Eva
78%
Fe.d.n..d ♂️ Ferdinand
78%
K.v.n ♂️ Kevin
78%
L.o ♂️ Leo
78%
Ol.v.a ♀️ Olivia
78%
P.t.r ♂️ Peter
78%
P.t.r ♂️ Peter*
78%
Ra.n.r ♂️ Rainer
78%
R.g..a ♀️ Regina
78%
Th.m.s ♂️ Thomas
78%
We.n.r ♂️ Werner
78%
Al.c.a ♀️ Alicja
67%
A.o.s ♂️ Alois
67%
D.r.t..a ♀️ Dorothea
67%
Eb..h..d ♂️ Eberhard
67%
H.i.r..h ♂️ Heinrich
67%
J.h..n.s ♂️ Johannes
67%
J.h..n.s ♂️ Johannes*
67%
3. Juni Ka.l ♂️ Karl
67%
L.u.a ♀️ Laura
67%
Ma.g.t ♀️ Margot
67%
M.r.a ♀️ Maria
67%
Ot.o ♂️ Otto
67%
P.u.a ♀️ Paula
67%
Pa.l.s ♂️ Paulus
67%
Pa.l.s ♂️ Paulus*
67%
S.g..d ♀️ Sigrid
67%
St.f.n ♂️ Stefan
67%
20. Juni A.a.b..t ♂️ Adalbert
56%
2. Juni A.m.n ♂️ Armin
56%
29. Juni Be.t..x ♀️ Beatrix
56%
El.e ♀️ Else
56%
El.e ♀️ Else*
56%
Em.a ♀️ Emma
56%
Ma.g.r..a ♀️ Margareta
56%
No.b..t ♂️ Norbert
56%
P.t.a ♀️ Petra
56%
P.t..s ♂️ Petrus
56%
Qu.r.n ♂️ Quirin
56%
Qu.r.n ♂️ Quirin*
56%
Ra.f | R.l.h ♂️ Ralf | Ralph
56%
R.b..t ♂️ Robert
56%
T.e.b..d ♂️ Theobald
56%
T.t.s ♂️ Titus
56%
Wi.f.i.d ♂️ Winfried
56%
22. Juni A.b.n ♂️ Albin
44%
A.t.n..s ♂️ Antonius
44%
18. Juni A.n..f ♂️ Arnulf
44%
11. Juni Ba.n.b.s ♂️ Barnabas
44%
5. Juni B.n.f.t..s ♂️ Bonifatius
44%
10. Juni D.a.a ♀️ Diana
44%
El.o.o.e ♀️ Eleonore
44%
9. Juni Ep.r..m ♂️ Ephraim
44%
E.g.n ♂️ Eugen
44%
24. Juni H.n..s ♂️ Hannes
44%
H.r.w.g ♂️ Hartwig
44%
H.l.a ♀️ Helga
44%
H.l.a ♀️ Helga*
44%
Ja.a ♀️ Jana
44%
Je.s ♂️ Jens
44%
Jo.n ♂️ John
44%
J.d..h ♀️ Judith
44%
L.t..r ♂️ Lothar
44%
Ma.k.s ♂️ Markus
44%
S.b.i.a ♀️ Sabrina
44%
Sa.k.a ♀️ Saskia
44%
Vi.z..z ♂️ Vinzenz
44%
12. Juni A.i.e ♀️ Alice
33%
16. Juni B.n.o ♂️ Benno
33%
25. Juni C.r..t..h ♂️ Christoph
33%
Ed..t.a.d ♀️ Edeltraud
33%
8. Juni E.g..b..t ♂️ Engelbert
33%
E.n.t ♂️ Ernst
33%
Ge.o ♂️ Gero
33%
H.r..d ♂️ Harald
33%
J.l.a.e ♀️ Juliane
33%
1. Juni Ju.s..n ♂️ Justin
33%
Kr.e.h..d ♀️ Kriemhild
33%
O.o ♂️ Odo
33%
Ra.m..d ♂️ Raimund
33%
S.l.e ♀️ Silke
33%
Ve.t ♂️ Veit
33%
21. Juni A.b.n ♂️ Alban
22%
4. Juni C.r.s.a ♀️ Christa
22%
6. Juni C.a.d.a ♀️ Claudia
22%
27. Juni C.r.l | C.r.l..s ♂️ Cyril | Cyrillus
22%
Ec..h..d ♂️ Eckehard
22%
Er..m.s ♂️ Erasmus
22%
7. Juni G.t.s..a.k ♂️ Gottschalk
22%
14. Juni G.t.s..a.k ♂️ Gottschalk*
22%
M.l..a ♀️ Malina
22%
S.n.y ♀️ Sandy
22%
A.e.a ♀️ Alena
11%
30. Juni Be.t..m ♂️ Bertram
11%
C.a.d.o ♂️ Claudio
11%
28. Juni D.e.h..d ♀️ Diethild
11%
K.o.h.l.e ♀️ Klothilde
11%
M.r..a ♀️ Marina
11%
O.u.f ♂️ Odulf
11%
23. Juni A.d..y ♀️ Audrey
0%
D.n.t.s ♂️ Donatus
0%
F.l.o ♂️ Falko
0%
L.i.g..d ♂️ Luitgard
0%
Ni.a ♀️ Nita
0%
R.m.a.d ♂️ Romuald
0%
Wl.d..l.w ♂️ Wladyslaw
0%
Keine übereinstimmenden Quizze gefunden
Verteilung der Resultate
Anzahl Personen mit jedem Resultat
Perzentil nach korrekt beantworteten Fragen
Ihre Resultats-Entwicklung
Sie haben dieses Quiz noch nicht gespielt